L' etrange affaire du chat de Mme Hudson et autres nouvelles policieres resolues grace aux progres de la physique

Αποθηκεύτηκε σε:
Λεπτομέρειες βιβλιογραφικής εγγραφής
Κύριος συγγραφέας: Bruce, Colin
Άλλοι συγγραφείς: Bouquet, Alain (trlf)
Μορφή: Βιβλίο
Γλώσσα:French
English
Δημοσίευση: Paris : Flammarion, 1998.
Θέματα:
Ετικέτες: Προσθήκη ετικέτας
Δεν υπάρχουν, Καταχωρήστε ετικέτα πρώτοι!

MARC

LEADER 00000cam a2200000 i 4500
001 1/35461
008 030509s1998 fr | ||| |||| ||fre||
020 |a 2080353543 
035 |l 10069883 
040 |a GR-MyUa   |b gre   |e AACR2  
041 1 |a fre  |h eng 
082 7 |a 813.54   |2 (22)  
100 1 |a Bruce, Colin. 
245 1 3 |a L' etrange affaire du chat de Mme Hudson et autres nouvelles policieres resolues grace aux progres de la physique /   |c Colin Bruce ; tradiut de l'anglais par Alain Bouquet. 
260 |a Paris :   |b Flammarion,   |c 1998.  
300 |a 291 σ. :   |b εικ. ;   |c 21 εκ.  
500 |a Τίτλος πρωτοτύπου: The strange case of Mrs Husdon's cat. 
650 0 |a Private investigators  |z England  |x Fiction. 
650 0 |a Detective and mystery stories, American. 
650 0 |a Science fiction, American. 
700 1 |a Bouquet, Alain,  |e trlf 
852 |a INST  |b RHODES  |e 20030509  |h 813.54 BRU  |p 005400020534  |q 005400020534  |t BK  |y 0 
901 |a BIBL4-2003-1 
970 |a Κουλακιώτη  |b Λίτσα   |z 2003/05/09